Physics of atoms and molecules (Record no. 16557)

MARC details
000 -LEADER
fixed length control field 00726nam a2200229Ia 4500
003 - CONTROL NUMBER IDENTIFIER
control field IN-BaIIA
008 - FIXED-LENGTH DATA ELEMENTS--GENERAL INFORMATION
fixed length control field 211028s9999 xx 000 0 eng d
020 ## - INTERNATIONAL STANDARD BOOK NUMBER
International Standard Book Number 978-81-7758-279-6
040 ## - CATALOGING SOURCE
Transcribing agency IIA Library
080 ## - UNIVERSAL DECIMAL CLASSIFICATION NUMBER
Universal Decimal Classification number 539.1
Item number BRA
100 ## - MAIN ENTRY--PERSONAL NAME
Personal name Bransden, B. H.
9 (RLIN) 13922
245 #0 - TITLE STATEMENT
Title Physics of atoms and molecules
Remainder of title a sourcebook for teachers of physics
Statement of responsibility, etc. B. H. Bransden and C. J. Joachain
250 ## - EDITION STATEMENT
Edition statement 2nd ed.
260 ## - PUBLICATION, DISTRIBUTION, ETC.
Place of publication, distribution, etc. New Delhi
Name of publisher, distributor, etc. Dorling Kindersley
Date of publication, distribution, etc. 2007
300 ## - PHYSICAL DESCRIPTION
Extent xiv, 1114p.
650 ## - SUBJECT ADDED ENTRY--TOPICAL TERM
Topical term or geographic name entry element Atomic collisions
9 (RLIN) 1546
650 ## - SUBJECT ADDED ENTRY--TOPICAL TERM
Topical term or geographic name entry element Atoms
9 (RLIN) 1137
650 ## - SUBJECT ADDED ENTRY--TOPICAL TERM
Topical term or geographic name entry element Molecular structure
650 ## - SUBJECT ADDED ENTRY--TOPICAL TERM
Topical term or geographic name entry element Molecules
9 (RLIN) 4897
700 ## - ADDED ENTRY--PERSONAL NAME
Personal name Joachain, C. J.
9 (RLIN) 13923
942 ## - ADDED ENTRY ELEMENTS (KOHA)
Koha item type Books
Holdings
Withdrawn status Lost status Damaged status Not for loan Home library Current library Shelving location Date acquired Source of acquisition Cost, normal purchase price Total Checkouts Full call number Barcode Date last seen Date last checked out Cost, replacement price Price effective from Koha item type Purchase Price
        IIA Library-Bangalore IIA Library-Bangalore General Stacks 06/08/2007 ABI 625.00 3 539.1/ BRA 17479 24/11/2025 24/11/2025 625.00 06/08/2007 Books Rs. 625.00

Powered by Koha